TESV: Skyrim Quiz - Statistics

General Stats
  • This quiz has been taken 39 times
  • The average score is 45 of 75
Answer Stats
Hint Answer % Correct
Town the game starts in that is destroyed by a dragon Helgen
100%
The World Eater, the main antagonist of the game Alduin
97%
Imperial capital of Skyrim Solitude
97%
Jarl of Windhelm, leader of the rebellion Ulfric Stormcloak
97%
City in the center of Skyrim, likely the first city you will visit Whiterun
97%
City that was mostly destroyed in the "Great Collapse" Winterhold
97%
City home to the Thieves Guild Riften
94%
General of the Imperial Legion in Skyrim General Tullius
91%
Stormcloak soldier, first character you meet Ralof
91%
Island traveled to in the Dragonborn DLC Solstheim
91%
Jarl of the above Balgruuf the Greater
88%
Dragon who taught the Nords how to use the voice Paarthurnax
88%
Leader of the Dark Brotherhood Astrid
85%
Massive cavern underneath Skyrim with a large Dwemer city where the player is sent to retrieve an Elder Scroll Blackreach
85%
Guild of vampire hunters Dawnguard
85%
Blades agent who runs the Sleeping Giant Inn Delphine
85%
Common undead enemy type found in Nordic Ruins Draugr
85%
Capital of The Pale Dawnstar
82%
Imperial soldier who offers to help you escape the first town during the dragon attack Hadvar
82%
Main settlement on Solstheim operated by House Redoran Raven Rock
82%
Daughter of the above Serana
82%
Character who recruits the player into the Thieves Guild Brynjolf
76%
Jarl of the above Elisif the Fair
76%
Insurgent group native to The Reach Forsworn
76%
Monastery where the Greybeards live High Hrothgar
76%
Who must you kill to be contacted by the Dark Brotherhood Grelod the Kind
74%
Harbinger of the Companions Kodlak White-Mane
74%
Head of the Black-Briar family that unofficially controls Riften Maven Black-Briar
74%
The first dragonborn Miraak
74%
There once was a hero named ______ ___ ___ who came riding to Whiterun from old Rorikstead... Ragnar the Red
74%
Blades agent hiding out in the Ratway Esbern
71%
Guildmaster that betrays the Thieves Guild Mercer Frey
71%
Dragon that takes you to above location Odahviing
71%
Race of The Gourmet Orsimer
71%
Person accused of killing the above Karliah
68%
Character who often says "Do you get to the Cloud District very often? Oh, what am I saying, of course you don't" Nazeem
65%
Blacksmith of the Skyforge Eorlund Gray-Mane
62%
Daedric prince served by the first dragonborn Hermaeus Mora
62%
Lead the 500 Companions from Atmora to Skyrim Ysgramor
62%
The only of the Greybeards who can speak Arngeir
59%
Weapon needed to fulfill said prophecy Auriel's Bow
56%
Head of the Volkihar clan Lord Harkon
56%
Previous high king of Skyrim killed before the beginning of the game Torygg
56%
Legendary weapon of the above Wuuthrad
56%
The court wizard of Whiterun Farengar Secret-Fire
53%
Self-proclaimed prophet of Talos in Whiterun Heimskr
53%
Guildhall of the Companions Jorrvaskr
53%
Ancient necromancer and queen of Solitude Potema Septim
53%
Tavern which serves as the headquarters of the Thieves Guild The Ragged Flagon
53%
Archmage of the College of Winterhold Savos Aren
50%
Emperor of Tamriel assassinated at the end of the Dark Brotherhood questline Titus Mede II
50%
Wizard who teaches the player their first magic lesson at the college Tolfdir
50%
Realm of Oblivion belonging to the above Apocrypha
44%
Leader of the Dawnguard Isran
44%
Founder of the Greybeards Jurgen Windcaller
41%
Leader of the above Madanach
41%
The first dragon the player kills Mirmulnir
41%
Telvanni Master on Solstheim Neloth
38%
First city that the Nords created in Skyrim, sacked by the Snow Elves during the Night of Tears Saarthal
38%
Translation of "Fus Ro Dah" Force Balance Push
35%
Spectral Frost Giant on Solstheim Karstaag
32%
Master wizard of the College of Winterhold Mirabelle Ervine
32%
Dungeon you must travel through to reach the portal to Sovngarde Skuldafn
32%
Large lake in Falkreath hold Lake Illinalta
24%
Ancient dragon priest who took part in the extermination of the Snow Elves Ahzidal
21%
Snow Elf vampire in the Forgotten Vale Arch-Curate Vyrthur
21%
Personal ship of the emperor where he is finally assassinated The Katariah
21%
Mountains that form Skyrim's southern border Jerall
18%
Prophecy that the head of the Volkihar Clan is trying to fulfill Tyranny of the Sun
18%
Owner of the Mythic Dawn Museum Silus Vesuius
15%
Former Guildmaster killed by the above Gallus Desidenius
12%
Mountains that form Skyrim's western border Druadach
9%
Ruler who established the first centralized kingdom in Skyrim Harald
9%
Mountains that form Skyrim's eastern border Velothi
9%
Translation of "Konahrik" Warlord
6%
No matching quizzes found
Score Distribution
Percent of People with Each Score
Percentile by Number Answered
Your Score History
You have not taken this quiz